Tản văn và truyện ngắn hay về Hà Nội
Gồm một số tản văn và truyện ngắn hay viết về những vấn đề liên quan đến Hà Nội của nhiều tác giả khác nhau
Shranjeno v:
| Glavni avtor: | |
|---|---|
| Drugi avtorji: | , , , |
| Format: | Knjiga |
| Jezik: | Vietnamese |
| Izdano: |
H.
Nxb. Hội Nhà văn
2005
|
| Teme: | |
| Oznake: |
Označite
Brez oznak, prvi označite!
|
| Thư viện lưu trữ: | Mạng thư viện Đại học Đà Nẵng |
|---|
| LEADER | 01591aam a22004218a 4500 | ||
|---|---|---|---|
| 001 | 000014662 | ||
| 003 | 11032 | ||
| 005 | 20120511080527.0 | ||
| 008 | 120511s2005 viesd | ||
| 020 | |c 40000đ |d 1000b | ||
| 041 | |a vie | ||
| 082 | 1 | 4 | |2 14 |a 895.9223 |b Tan |
| 084 | |a V6(1)7-44 | ||
| 084 | |b T000V | ||
| 100 | 0 | |a Ngô Văn Phú |e Sưu tầm, tuyển chọn | |
| 245 | |a Tản văn và truyện ngắn hay về Hà Nội |c Trần Quốc Vượng, Hà Đình Đức, Thọ Cao... ; Ngô Văn Phú s.t., tuyển chọn | ||
| 260 | |a H. |b Nxb. Hội Nhà văn |c 2005 | ||
| 300 | |a 388tr. |c 19cm | ||
| 520 | |a Gồm một số tản văn và truyện ngắn hay viết về những vấn đề liên quan đến Hà Nội của nhiều tác giả khác nhau | ||
| 650 | 7 | |2 Bộ TK TVQG |a Văn học hiện đại | |
| 651 | 7 | |2 Bộ TK TVQG |a Việt Nam | |
| 655 | 7 | |2 Bộ TK TVQG |a Tản văn | |
| 655 | 7 | |2 Bộ TK TVQG |a Truyện ngắn | |
| 700 | 0 | |a Trần Quốc vượng | |
| 700 | 0 | |a Bùi Hạnh Cẩn |e st., tuyển chọn | |
| 700 | 0 | |a Ngô Văn Phú | |
| 700 | 0 | |a Hà Đình Đức | |
| 700 | 0 | |a Thọ Cao | |
| OWN | |a LSP | ||
| AVA | |a UDN50 |b LSP |d 895.9223 Tan |e available |t Error 5001 Not defined in file expand_doc_bib_avail. |f 1 |g 0 |h N |i 0 |k 1 | ||
| 999 | |a From the UDN01 | ||
| AVA | |a UDN50 |b LSP |d 895.9223 Tan |e available |t Error 5001 Not defined in file expand_doc_bib_avail. |f 1 |g 0 |h N |i 0 |k 1 | ||
| TYP | |a Monograph | ||
| TYP | |a Printed language | ||
| 980 | |a Mạng thư viện Đại học Đà Nẵng | ||